Course of mathematical analysis (Record no. 20049)

000 -LEADER
fixed length control field 00451nam a2200181u 4500
001 - CONTROL NUMBER
control field 20049
003 - CONTROL NUMBER IDENTIFIER
control field BD-DhUET
008 - FIXED-LENGTH DATA ELEMENTS--GENERAL INFORMATION
fixed length control field 811210s1964 ii 000 0 eng
040 ## - CATALOGING SOURCE
Original cataloging agency DLC
Transcribing agency DLC
Modifying agency BD-DhUET
082 ## - DEWEY DECIMAL CLASSIFICATION NUMBER
Classification number 517
Item number SHA/1964
100 ## - MAIN ENTRY--PERSONAL NAME
Personal name Narayan, Shanti
245 12 - TITLE STATEMENT
Title Course of mathematical analysis
250 ## - EDITION STATEMENT
Edition statement 1st ed.
260 ## - PUBLICATION, DISTRIBUTION, ETC. (IMPRINT)
Place of publication, distribution, etc. New Delhi
Name of publisher, distributor, etc. S. Chand
Date of publication, distribution, etc. 1964
300 ## - PHYSICAL DESCRIPTION
Extent viii, 436p.
Dimensions 24 cm.
650 #0 - SUBJECT ADDED ENTRY--TOPICAL TERM
Topical term or geographic name as entry element Mathematical analysis
942 ## - ADDED ENTRY ELEMENTS (KOHA)
Koha item type General Book
Holdings
Copy number Lost status Sublocation or collection (holding branch) Shelving location Location (home branch) Koha item type Koha date last seen Piece designation (barcode) Withdrawn status Date acquired Koha full call number Source of classification or shelving scheme Not for loan Koha normalized classification for sorting Damaged status Price effective from
1 Central Library, BUETCirculation sectionCentral Library, BUETGeneral Book2015-04-095725 2015-04-09517/SHA/1964  517_000000000000000_SHA_1964 2015-04-09
2 Central Library, BUETCirculation sectionCentral Library, BUETGeneral Book2015-04-095726 2015-04-09517/SHA/1964  517_000000000000000_SHA_1964 2015-04-09
3 Central Library, BUETCirculation sectionCentral Library, BUETGeneral Book2015-04-095727 2015-04-09517/SHA/1964  517_000000000000000_SHA_1964 2015-04-09